Flaggen Regionen Frankreich - Statistiken

Allgemein
  • Dieses Quiz wurde 12 mal gespielt
  • Das Durchschnittsergebnis liegt bei 8 aus 19
Antwortstatistiken
Bildquiz Antwort % Korrekt
Bretagne
78%
Guadeloupe
78%
Französisch-Guyana
56%
Martinique
56%
Mayotte
56%
Normandie
56%
Réunion
56%
Grand Est
44%
Grand Est
44%
Hauts-de-France
44%
Île-de-France
44%
Korsika
44%
Occitanie
44%
Centre-Val de Loire
22%
Pays de la Loire
22%
Auvergne-Rhône-Alpes
11%
Bourgogne-Franche-Comté
11%
Nouvelle Aquitaine
11%
Provence-Alpes-Côte d'Azur
11%
Keine übereinstimmenden Quizze gefunden
Verteilung der Resultate
Anzahl Personen mit jedem Resultat
Perzentil nach korrekt beantworteten Fragen
Ihre Resultats-Entwicklung
Sie haben dieses Quiz noch nicht gespielt